[Event "27. Staufer-Open (A)"]
[Site "?"]
[Date "2015.01.04"]
[Round "5"]
[White "Richter, Gerald"]
[Black "Braun, Peter"]
[Result "0-1"]
[WhiteElo "2060"]
[BlackElo "2245"]
[PlyCount "86"]
[EventDate "2015.??.??"]
[WhiteTeam "Siegener SV"]
[BlackTeam "SK Frankenthal"]

1. d4 Nf6 2. c4 e6 3. Nf3 b6 4. g3 Ba6 5. b3 Bb7 6. Bg2 Bb4+ 7. Bd2 c5 8. O-O
O-O 9. Nc3 cxd4 10. Nb5 Be7 11. Nbxd4 d6 12. Qc2 Be4 13. Qb2 a6 14. Rac1 Qc7
15. Rfd1 Nbd7 16. Ne1 Bxg2 17. Kxg2 Rfe8 18. f3 Rac8 19. e4 Qb7 20. Be3 Ne5 21.
Qe2 d5 22. exd5 exd5 23. Nd3 Ba3 24. Rc3 dxc4 25. Nxe5 Rxe5 26. bxc4 Bc5 27.
Nb3 Bf8 28. Qd3 Rce8 29. Qd4 R8e6 30. Rcd3 h5 31. h3 a5 32. a4 Qc6 33. Qf4 Qxa4
34. Bxb6 Re2+ 35. Bf2 Qa2 36. R1d2 Rxd2 37. Qxd2 Qxd2 38. Rxd2 Bb4 39. Rd8+ Kh7
40. Ra8 Re2 41. Ra7 Be1 42. Kf1 Bxf2 43. Rxf7 Ra2 0-1

[Event "27. Staufer-Open (A)"]
[Site "?"]
[Date "2015.01.04"]
[Round "5"]
[White "Hildenbrand, Peter"]
[Black "Reh, Stefan"]
[Result "1-0"]
[WhiteElo "2214"]
[BlackElo "2041"]
[PlyCount "111"]
[EventDate "2015.??.??"]
[WhiteTeam "SC Leimen"]
[BlackTeam "SC Gelnhausen"]

1. d4 f5 2. Bg5 g6 3. Nc3 Bg7 4. e3 Nf6 5. Bc4 c6 6. h4 d5 7. Be2 h6 8. Bf4
Nbd7 9. Qd3 b6 10. Bh2 a5 11. Nh3 Kf7 12. h5 Nf8 13. hxg6+ Nxg6 14. Nf4 Nxf4
15. Bxf4 e6 16. Qd1 Ba6 17. Be5 Bxe2 18. Qxe2 Ng4 19. Bxg7 Kxg7 20. f3 Nf6 21.
Qf2 Nd7 22. Ne2 c5 23. Nf4 Kf7 24. O-O-O Qf6 25. Kb1 Rad8 26. Rh3 Rh7 27. e4
dxe4 28. Nh5 Qg5 29. fxe4 Nf6 30. Nxf6 Kxf6 31. exf5 exf5 32. d5 Rd6 33. Re3
Qg4 34. Qe1 Rhd7 35. Re6+ Kg5 36. Rxd6 Rxd6 37. Rd3 Kf6 38. Qd2 Qg5 39. Qc3+
Kf7 40. Qe5 Qxg2 41. Qxf5+ Rf6 42. Qd7+ Kg6 43. a3 c4 44. Qe8+ Kg7 45. Rd1 Rf1
46. Qe7+ Kg8 47. Rxf1 Qxf1+ 48. Ka2 c3 49. Qd8+ Qf8 50. Qxb6 cxb2 51. Qxa5 h5
52. Qe1 Qc8 53. Qg3+ Kf8 54. Qf4+ Ke7 55. Qe5+ Kf8 56. Qh8+ 1-0

[Event "27. Staufer-Open (A)"]
[Site "?"]
[Date "2015.01.04"]
[Round "5"]
[White "Maj, Kornel"]
[Black "Thomas, Ingo"]
[Result "1-0"]
[WhiteElo "2050"]
[BlackElo "2202"]
[PlyCount "57"]
[EventDate "2015.??.??"]
[WhiteTeam "Stuttgarter SF"]
[BlackTeam "Krefelder SK Turm"]

1. e4 Nc6 2. Nf3 f5 3. exf5 d5 4. Nh4 Nf6 5. g4 e5 6. g5 Ne4 7. Qh5+ Kd7 8.
Qf7+ Kd6 9. Nc3 Nb4 10. Nxe4+ dxe4 11. Qc4 c5 12. d4 exd3 13. Bxd3 Kc7 14. Be4
Rb8 15. Be3 Qe7 16. c3 b5 17. Qe2 Nc6 18. Qf3 Bb7 19. f6 gxf6 20. gxf6 Qe8 21.
O-O-O b4 22. cxb4 Nd4 23. Bxd4 cxd4 24. a3 a5 25. bxa5 Qb5 26. Bxb7 Bh6+ 27.
Kb1 Rxb7 28. b4 Qxa5 29. Qxb7+ 1-0

[Event "27. Staufer-Open (A)"]
[Site "?"]
[Date "2015.01.04"]
[Round "5"]
[White "Hager, Joshua Aarash"]
[Black "Grewenig, Jan"]
[Result "0-1"]
[WhiteElo "2189"]
[BlackElo "2031"]
[PlyCount "79"]
[EventDate "2015.??.??"]
[WhiteTeam "OSG Baden-Baden"]
[BlackTeam "SC Schwarzenbach"]

1. d4 Nf6 2. Nf3 g6 3. c4 c5 4. g3 cxd4 5. Nxd4 Bg7 6. Bg2 O-O 7. Nc3 Nc6 8.
O-O d6 9. Nxc6 bxc6 10. Bxc6 Rb8 11. Bg2 Qa5 12. Nb5 Bb7 13. Qe1 Qa6 14. f3 d5
15. a4 dxc4 16. e4 Bc6 17. Be3 Nd7 18. Qb4 Ne5 19. Qxe7 Rb7 20. Qc5 Bxb5 21.
axb5 Qxb5 22. Qxb5 Rxb5 23. Rxa7 Rxb2 24. Rc7 Rd8 25. f4 Ng4 26. Bc5 Bd4+ 27.
Bxd4 Rxd4 28. e5 Ne3 29. Rf2 Rd1+ 30. Bf1 Rxf2 31. Kxf2 Nxf1 32. Rc8+ Kg7 33.
Rc7 Nxh2 34. e6 Ng4+ 35. Kf3 Nh6 36. g4 c3 37. f5 Kf6 38. g5+ Kxg5 39. exf7
Nxf7 40. Rxf7 0-1

[Event "27. Staufer-Open (B)"]
[Site "?"]
[Date "2015.01.04"]
[Round "5"]
[White "Kröncke, Manfred"]
[Black "Wezel, Sebastian"]
[Result "1-0"]
[WhiteElo "1996"]
[BlackElo "1884"]
[PlyCount "107"]
[EventDate "2015.??.??"]
[WhiteTeam "SG Glückstadt"]
[BlackTeam "SV Dettingen Erms"]

1. e4 c6 2. d3 d5 3. Nd2 e5 4. g3 Bd6 5. Bg2 Nf6 6. Ngf3 O-O 7. O-O Re8 8. h3
Nbd7 9. Re1 Nf8 10. Nf1 a5 11. a4 Ng6 12. Bg5 h6 13. Bxf6 Qxf6 14. h4 dxe4 15.
dxe4 Bc5 16. Qe2 Be6 17. Red1 Rad8 18. Ne3 Nf8 19. Nh2 Qe7 20. Nhf1 Nd7 21. Kh2
Nb6 22. b3 Rxd1 23. Rxd1 Rd8 24. Bh3 Bxh3 25. Kxh3 g6 26. h5 Kg7 27. Kg2 Rxd1
28. Nxd1 Nd7 29. hxg6 fxg6 30. Nb2 Nf8 31. Qc4 Ne6 32. Nd3 Bd6 33. Nh2 Ng5 34.
f3 Qd7 35. Ng4 h5 36. Ngf2 Qe7 37. Qc3 Qf6 38. f4 exf4 39. e5 f3+ 40. Kf1 Bxe5
41. Qxe5 Qxe5 42. Nxe5 Kf6 43. Nc4 b5 44. Nxa5 bxa4 45. bxa4 Ke7 46. Nxc6+ Kd6
47. Nb4 Kc5 48. Nfd3+ Kb6 49. Kf2 Ka5 50. Nc6+ Kxa4 51. Nce5 Kb5 52. c4+ Kb6
53. c5+ Kc7 54. Nxg6 1-0

[Event "27. Staufer-Open (B)"]
[Site "?"]
[Date "2015.01.04"]
[Round "5"]
[White "Horata, Hakan"]
[Black "Zeller, Elisa"]
[Result "1-0"]
[WhiteElo "1928"]
[BlackElo "1956"]
[PlyCount "89"]
[EventDate "2015.??.??"]
[WhiteTeam "SC Viernheim"]
[BlackTeam "SF Göppingen"]

1. e4 e6 2. d4 d5 3. Nc3 Bb4 4. e5 c5 5. a3 Bxc3+ 6. bxc3 Ne7 7. Qg4 O-O 8. Bd3
f5 9. exf6 Rxf6 10. Nf3 e5 11. Bxh7+ Kxh7 12. Qh5+ Kg8 13. dxe5 Rf8 14. O-O Qe8
15. Qh4 Ng6 16. Qg3 Nc6 17. Re1 Be6 18. h4 Nge7 19. Ng5 Nf5 20. Qh2 Qd7 21. Bf4
Nce7 22. h5 Nh6 23. f3 Rae8 24. Rad1 b6 25. Rd2 Nc6 26. Ne4 dxe4 27. Rxd7 Bxd7
28. Bxh6 gxh6 29. Rxe4 Bf5 30. Re2 Kh7 31. e6 Rg8 32. Qf4 Ne7 33. g4 Rd8 34.
Qc7 Rg7 35. Kh2 Re8 36. gxf5 Nxf5 37. Qf4 Rg5 38. Re5 Rxh5+ 39. Kg1 Kg6 40. Qa4
Rg5+ 41. Kf2 Re7 42. Qc6 Kf6 43. f4 Rh5 44. Qc8 Kg7 45. Qd8 1-0

[Event "27. Staufer-Open (B)"]
[Site "?"]
[Date "2015.01.04"]
[Round "5"]
[White "Mayer, Roland"]
[Black "Häussler, Stefan"]
[Result "0-1"]
[WhiteElo "1848"]
[BlackElo "1961"]
[PlyCount "56"]
[EventDate "2015.??.??"]
[WhiteTeam "SK Sontheim/Brenz"]
[BlackTeam "SC Leinzell"]

1. e4 c6 2. f4 d5 3. e5 Bf5 4. Nf3 e6 5. g3 h5 6. h3 Nh6 7. d3 Bc5 8. Bg2 Nd7
9. d4 Bb6 10. Be3 f6 11. O-O Nf7 12. Qe2 g5 13. c3 g4 14. hxg4 Bxg4 15. Nbd2
Qe7 16. Qf2 O-O-O 17. Nh4 Rdg8 18. Kh2 Nh6 19. Rg1 Bd8 20. Rh1 Qg7 21. Rag1 Nf8
22. Qe1 Ng6 23. Ndf3 Bf5 24. Nxf5 Nxf5 25. Bh3 h4 26. gxh4 Qh6 27. Rg4 Ngxh4
28. Nxh4 Rxg4 0-1

[Event "27. Staufer-Open (B)"]
[Site "?"]
[Date "2015.01.04"]
[Round "5"]
[White "Meth, Matthias"]
[Black "Waibel, Rainer"]
[Result "1-0"]
[WhiteElo "1745"]
[BlackElo "1807"]
[PlyCount "71"]
[EventDate "2015.??.??"]
[WhiteTeam "SC Tannhausen"]
[BlackTeam "SG Kurpfalz"]

1. d4 Nf6 2. c4 e6 3. Nf3 b6 4. g3 Bb7 5. Bg2 Bb4+ 6. Bd2 Bxd2+ 7. Nbxd2 O-O 8.
O-O d6 9. Re1 Nbd7 10. Qc2 Re8 11. e4 e5 12. Rad1 Qe7 13. d5 Nf8 14. Nf1 Ng6
15. Ne3 Rad8 16. Nf5 Qd7 17. Bh3 Kh8 18. Kg2 Bc8 19. Ng1 Nh5 20. Kh1 f6 21. Nd4
Qf7 22. Nc6 Bxh3 23. Nxd8 Qd7 24. Ne6 Bg4 25. Rd3 Bxe6 26. dxe6 Qxe6 27. Qd1
Nhf4 28. gxf4 Nxf4 29. Rc3 f5 30. exf5 Qxf5 31. Qc2 Qd7 32. Qe4 a5 33. Rce3 Rf8
34. Rf3 Rg8 35. Ne2 Nh3 36. Qh4 1-0